| 000 | 01150nam0a2200301 i 4500 | ||
|---|---|---|---|
| 001 | RU\NLR\bibl\2034988 | ||
| 005 | 20260405233750.0 | ||
| 010 |
_a9785912551192 _9500 |
||
| 021 |
_aRU _b2013-30522 _92094 |
||
| 035 | _a(NLR Aleph) 002022533 | ||
| 090 |
_a4511503 _c4511503 |
||
| 100 | _a20130520d2013 u y0rusy50 ca | ||
| 101 | 0 |
_arus _aeng |
|
| 102 | _aRU | ||
| 105 | _aa ||||||||| | ||
| 200 | 1 |
_aМежду двух миров _eстихи _fЕлена Корнеева |
|
| 210 |
_aРязань _cРязанская областная типография _d2013 |
||
| 215 |
_a265, [1] с. _cил., нот. _d21 |
||
| 300 | _aТекст на рус. и англ. яз. | ||
| 327 | 1 | _aСодерж.: циклы: Обновление; Отражение; Единение; Вдохновение | |
| 686 | _aШ6(2=Р)8-5 | ||
| 700 | 1 |
_4070 _8rus _7ca _aКорнеева _bЕ. А. _cпсихофизиолог, литератор _gЕлена Александровна _3RU\NLR\auth\77107456 _990381 |
|
| 801 | 0 |
_aRU _bNLR _c20130520 _gRCR |
|
| 801 | 1 |
_aRU _bNLR _c20130520 |
|
| 942 | _cBOOK | ||
| 980 | _aNBR | ||